000 00696nam a22001817a 4500
005 20251108174637.0
008 250721s2007 xx 000 0 ara d
082 1 4 _a214.5/هند
100 1 _aهنداوي، عبد الحميد
245 1 0 _aموسوعة الدار الأخرة فتن آخر زمن - الموت و سكراته - نعيم القبر وعذابه - أشراط الساعة - البعث والنسور................ /
264 1 _aمصر :
_bألفا للنشر والتوزيع،
_c2007.
300 _a518ص.
650 1 7 _aاصول الدين الاسلامي
650 1 7 _aعذاب القبر
650 1 7 _aالموسوعات
942 _2ddc
_cBK
999 _c114330
_d114330